000 00466nam a22001571cc4500
001 a987663333+Band2
035 _aa987663333
008 170707s1998 gw |||| 000u rus d
245 0 0 _aTeorija perechodnoj ekonomiki
_nBand 2
_pMakroekonomika
264 _aMoskva :
_bTEIS,
_c1998
246 1 2 _aTeorija perechodnoj ekonomiki : Učebnoe posobie. Makroekonomika
_nBand 2
773 0 8 _wa987663333
_qBand2
942 _cMG
040 _cRU-10907106
003 RU-10907106
999 _c43119
_d43119